Älteste Torschützen in der Bundesliga seit 2000 - Statistiken

Allgemein
  • Dieses Quiz wurde 118 mal gespielt
    46 seit der letzten Aktualisierung
  • Das Durchschnittsergebnis liegt bei 8 aus 27
Antwortstatistiken
Alter Jahr Verein Spieler % Korrekt
40 2019 Bremen Claudio Pizarro
97%
37 2021 Schalke Klaas-Jan Huntelaar
56%
36 2019 Bayern Franck Ribery
47%
35 2004 Rostock Martin Max
47%
37 2023 Bochum Anthony Losilla
44%
36 2002 Leverkusen Ulf Kirsten
42%
35 2020 Hertha Vedad Ibisevic
42%
36 2011 Hamburg Ze Roberto
39%
36 2007 Bayern Mehmet Scholl
33%
37 2007 Bochum Dariusz Wosz
31%
35 2015 Hamburg Ivica Olic
28%
37 2007 Hannover Michael Tarnat
28%
35 2013 Bayern Daniel van Buyten
25%
37 2003 Stuttgart Krasimir Balakov
25%
35 2009 Gladbach Oliver Neuville
25%
36 2007 Leverkusen Sergej Barbarez
22%
35 2002 1860 Thomas Häßler
19%
36 2023 Union Leonardo Bonucci
17%
35 2001 Lautern Olaf Marschall
17%
37 2005 Stuttgart Zvonimir Soldo
17%
37 2002 Hannover Carsten Linke
14%
36 2010 Leverkusen Sami Hyypiä
14%
36 2019 Düsseldorf Oliver Fink
11%
36 2013 Nürnberg Timmy Simons
11%
36 2001 St Pauli Andre Trulsen
6%
36 2014 Hertha Levan Kobiashvili
6%
36 2002 Schalke Olvier Reck
6%
Keine übereinstimmenden Quizze gefunden
Verteilung der Resultate
Anzahl Personen mit jedem Resultat
Perzentil nach korrekt beantworteten Fragen
Ihre Resultats-Entwicklung
Sie haben dieses Quiz seit der letzten Aktualisierung nicht gespielt